| 000 | 01450cam a2200385 a 4500 | ||
|---|---|---|---|
| 001 | 3826168 | ||
| 003 | OSt | ||
| 005 | 20140310182014.0 | ||
| 008 | 881216s1986 enk 000 1 eng | ||
| 010 | _a 86061710 | ||
| 020 |
_a1858137853 _c£1.75 ($2.25 U.S.) |
||
| 040 |
_aDLC _cDLC _dDLC _dOCoLC _dDLC |
||
| 042 | _alcac | ||
| 050 | 0 | 0 |
_aPS 2066 _b.Ir72 1994 |
| 082 |
_aKF _bIr8r 1994 |
||
| 100 | 1 |
_aIrving, Washington, _d1783-1859. _96398 |
|
| 245 | 1 | 0 |
_aRip Van Winkle and other stories / _cWashington Irving. |
| 260 |
_aHarmondsworth, Middlesex, England ; _aNew York, N.Y., U.S.A. : _bPuffin Books, _c1986. |
||
| 300 |
_a157 p. ; _c18 cm. |
||
| 490 | 0 | _aPuffin classics | |
| 505 | 0 | _aRip van Winkle -- The legend of Sleepy Hollow -- The spectre bridegroom -- The pride of the village -- Mountjoy. | |
| 541 | _j1 | ||
| 541 | _j2 | ||
| 562 | _efor circulation. 2 copies available in the collection | ||
| 650 | 0 |
_aFantasy fiction, American. _96399 |
|
| 650 | 1 |
_aGhosts _xFiction. _96400 |
|
| 650 | 1 |
_aShort stories. _92265 |
|
| 651 | 0 |
_aHudson River Valley (N.Y. and N.J.) _xFiction. _96401 |
|
| 651 | 0 |
_aCatskill Mountains Region (N.Y.) _xFiction. _96402 |
|
| 651 | 1 |
_aCatskill Mountains Region (N.Y.) _xHistory _y18th century _vFiction. _96403 |
|
| 651 | 1 |
_aNew York (State) _xHistory _y1775-1865 _vFiction. _96404 |
|
| 906 |
_a7 _bcbc _corignew _d3 _eopcn _f19 _gy-gencatlg |
||
| 942 |
_2lcc _cBK-KF _kKF |
||
| 999 |
_c8207 _d8207 |
||